Vocabulary in context

Salvato in:
Dettagli Bibliografici
Autori principali: Franklin, Harry B (Autore), Meikle, Herbert G (Autore), Strain, Jeris E (Autore)
Natura: Libro
Lingua:inglese
Pubblicazione: Ann Arbor The University of Michigan 1964
Serie:An Intensive Course in English
Soggetti:
Tags: Aggiungi Tag
Nessun Tag, puoi essere il primo ad aggiungerne!!

MARC

LEADER 00000cam a2200000 a 4500
001 UCF5971
003 CL-VaPUC
008 130404e19640000US |||||||||||||||||eng|d
082 0 4 |a 428.3  |b FRA  |2 21 
100 0 |a Franklin, Harry B  |e author  |9 568007 
700 0 |a Meikle, Herbert G  |e author  |9 568008 
700 0 |a Strain, Jeris E  |e author  |9 568009 
245 1 0 |a Vocabulary in context 
300 |a 192 p 
942 |c BK 
945 |d 20130404 00:00:00  |a dcastane 
260 |a Ann Arbor  |b The University of Michigan  |c 1964 
650 0 |a Vocabulario  |9 345405 
650 0 |a Glosarios  |9 261047 
650 0 |a Lengua inglesa  |9 318842 
583 |a last modification  |c 20130404 09:53:00  |k Rodrigo Vera 
490 0 |a An Intensive Course in English 
999 |c 351364  |d 351362 
952 |0 0  |1 0  |4 0  |6 428_300000000000000_FRA_1964  |7 0  |8 P  |9 455413  |a BIBEDU  |b BIBEDU  |c BIBEDU_PB  |d 2019-11-22  |i 4809726  |o 428.3 FRA 1964  |p 4809726  |r 2024-01-25  |w 2019-11-22  |y BK  |k LIT